Score 0/24 Timer 03:00
0 Plays Today
% Correct
Brussels
90.4%
Paris
88.9%
Athens
85.6%
Ottawa
85.6%
Tokyo
85.4%
Budapest
76.3%
Jakarta
73.8%
Wellington
70.6%
Manila
69.4%
Addis Ababa
68.5%
Tripoli
65.5%
Bucharest
65.2%
% Correct
Caracas
60.2%
Ulaanbaatar
58.5%
Doha
58.4%
Santo Domingo
56.2%
Tirana
54.5%
Muscat
52.8%
Harare
47.2%
Bishkek
44%
Sana'a
43.9%
Dakar
42.3%
Port of Spain
37.8%
Tashkent
36.5%
Remove Ads.
Support Sporcle.
Get the best of Sporcle when you Go Orange. This ad-free experience offers more features, more stats, and more fun while also helping to support Sporcle. Thank you for becoming a member.

You're not logged in!

Compare scores with friends on all Sporcle quizzes.
OR
Log In

Sporcle TV

Today on Sporcle TV


Watch our educational content, quiz creation guides, and fun videos on Sporcle TV.

Show Comments

Extras

Top Quizzes Today


Score Distribution

Paid Content

Your Account Isn't Verified!

In order to create a playlist on Sporcle, you need to verify the email address you used during registration. Go to your Sporcle Settings to finish the process.

Report this User

Report this user for behavior that violates our Community Guidelines.

Details: